Technology by Letter: X - Statistics

General Stats
  • This quiz has been taken 18 times
  • The average score is 4 of 7
Answer Stats
Hint Answer % Correct
Video game console Xbox
100%
Radiation used for medical imaging X-rays
94%
Photocopying technique Xerography
89%
Gas used for white discharge lamps Xenon
83%
Logical operation that outputs true only when inputs differ XOR
28%
File format for documents readable by humans and machines XML
17%
Organic solvent Xylene
11%
No matching quizzes found
Score Distribution
Percent of People with Each Score
Percentile by Number Answered
Your Score History
You have not taken this quiz